Győr Megyei Jogú város turizmusának helyzetelemzése és fejlesztési lehetőségei

Bibliographic Details
Main Author: Göndöcs János
Other Authors: Remenyik Dr. Bulcsú
Format: Thesis
Kulcsszavak:Győr
Turizmusfejlesztés
Szolgáltatás-elemzés
Szálláshely-elemzés
Turisztikai tervezés
Online Access:http://dolgozattar.uni-bge.hu/2208

MARC

LEADER 00000nta a2200000 i 4500
001 dolg2208
005 20151212120143.0
008 150507suuuu hu om 000 hun d
040 |a BGE Dolgozattár Repozitórium  |b hun 
041 |a hu 
100 1 |a Göndöcs János 
245 1 0 |a Győr Megyei Jogú város turizmusának helyzetelemzése és fejlesztési lehetőségei  |c Göndöcs János  |h [elektronikus dokumentum] 
695 |a Győr 
695 |a Turizmusfejlesztés 
695 |a Szolgáltatás-elemzés  
695 |a Szálláshely-elemzés 
695 |a Turisztikai tervezés  
700 1 |a Remenyik Dr. Bulcsú  |e ths 
856 4 0 |u http://dolgozattar.uni-bge.hu/2208/7/G%C3%B6nd%C3%B6cs%20J%C3%A1nos%20szakdolgozat.pdf  |z Dokumentum-elérés